000 00545nam a22002057a 4500
005 20140429052904.0
008 120323s2012 nyuak b 001 0 eng
020 _a9780071771818
024 0 _ceng
080 _a347.8
100 1 _aEichenberger, Jerry A.
245 1 0 _aGeneral aviation law /
_cJerry A. Eichenberger.
250 _a3rd ed.
260 _aNew York :
_bMcGraw-Hill,
_c2012.
300 _a273 f. :
_bill., forms ;
_c23 cm.
500 _aIndex f.261-273
650 0 _aE drejta Ajrore
650 0 _aTrafiku ajror
942 _2udc
_cBK
999 _c439
_d439